000 00581nam a2200169 4500
001 136876
003 ES-MaACL
005 20230906195243.0
007 t|
008 070214s1979 sp r ||||1| spa d
100 1 _aSainz de Bujanda, Fernando (
_d1915-1999)
_9101580
245 1 0 _aLecciones de Derecho Financiero /
_cFernando Sainz de Bujanda.
260 _aMadrid :
_bUniversidad Complutense, Facultad de Derecho,
_c1979.
300 _aXI, 510 p. ;
_c24 cm.
710 2 _aUniversidad Complutense de Madrid.
_bFacultad de Derecho.
_97119
852 _aES-MaACL
_jA-10550
_bR.99834
999 _c136876
_d136876